Statistiques concernant Footballeur par pays n°7

Cliquez ici pour prendre le quiz!

Statistiques générales

  • Ce quiz a été pris 163 fois
  • Le résultat moyen est 13 sur 18

Statistiques - réponses

joueurPays% Correct
Gianluigi BuffonItalie
99%
Lionel MessiArgentine
92%
Thiago SilvaBresil
92%
Hugo LlorisFrance
92%
PepePortugal
91%
Antonio RüdigerAllemagne
89%
Wayne RooneyRoyaume-Uni
88%
Ruud GullitPays-Bas
86%
Jesse LingardRoyaume-Uni
81%
Marouane FellainiBelgique
79%
Pavel NedvědRépublique Tchèque
73%
Birkir BjarnasonIslande
64%
Brian LaudrupDanemark
63%
József BozsikHongrie
41%
Andre CarrilloPerou
38%
Francisco GentoEspagne
35%
Jan BednarekPologne
28%
Marcelo SalasChili
27%

Distribution des résultats

Percentile par nombre de réponses

% des personnes avec chaque résultat

Votre développement - résultats

Vous n’avez pas pris ce quiz